Hindūstān men̲ ʻArabon̲ kī ḥukūmaten̲. (Record no. 83629)

MARC details
000 -LEADER
fixed length control field 00684cam a22002531 4500
001 - CONTROL NUMBER
control field sa 68010916
003 - CONTROL NUMBER IDENTIFIER
control field DLC
005 - DATE AND TIME OF LATEST TRANSACTION
control field 20260227112556.0
008 - FIXED-LENGTH DATA ELEMENTS--GENERAL INFORMATION
fixed length control field 890628s1967 ii b b 000 0 urdr
010 ## - LIBRARY OF CONGRESS CONTROL NUMBER
LC control number sa 68010916
035 ## - SYSTEM CONTROL NUMBER
System control number (OCoLC)19944361
040 ## - CATALOGING SOURCE
Original cataloging agency DLC
Transcribing agency WaU
Modifying agency DLC
042 ## - AUTHENTICATION CODE
Authentication code premarc
043 ## - GEOGRAPHIC AREA CODE
Geographic area code a-ii---
050 00 - LIBRARY OF CONGRESS CALL NUMBER
Classification number DS452
Item number .M8
100 1# - MAIN ENTRY--PERSONAL NAME
Personal name Mubārakpūrī, At̤har,
Titles and words associated with a name Qāz̤ī,
Dates associated with a name 1916-1996.
245 10 - TITLE STATEMENT
Title Hindūstān men̲ ʻArabon̲ kī ḥukūmaten̲.
260 ## - PUBLICATION, DISTRIBUTION, ETC.
Date of publication, distribution, etc. [1967]
300 ## - PHYSICAL DESCRIPTION
Extent 340 p.
Other physical details fold. map.
Dimensions 25 cm.
500 ## - GENERAL NOTE
General note In Urdu.
504 ## - BIBLIOGRAPHY, ETC. NOTE
Bibliography, etc. note Bibliographical notes.
650 #0 - SUBJECT ADDED ENTRY--TOPICAL TERM
Topical term or geographic name entry element Arabs
Geographic subdivision India.
651 #0 - SUBJECT ADDED ENTRY--GEOGRAPHIC NAME
Geographic name India
General subdivision History
Chronological subdivision 324 B.C.-1000 A.D.

No items available.

Powered by Koha